000 00825nam a2200229 a 4500
001 000024889
005 20200930023430.0
008 110207s1974 sp r 000 0 spa d
020 _a8433402013
040 _aDO-SdBNP
_bspa
_cBNPHU
082 _ann*
_bnn*
100 1 _aProudhon, P. J.
_951086
245 1 0 _aSistema de las contradicciones económicas, o filosofía de la miseria /
_cP. J. Proudhon ; traducción de Francisco Pi y Margall ; introducción de Diego Abad de Santillán.
260 _aMadrid :
_bJúcar,
_c1974.
300 _a360 p. ;
_c18 cm.
490 1 _aBiblioteca Júcar.
_v31
500 _aLa biblioteca sólo posee el volumen 2.
700 1 _aPi y Margall, Francisco,
_etr.
_951087
700 1 _aAbad de Santillán, Diego,
_eintrod.
_951088
830 0 _aBiblioteca Júcar.
_v31
_951089
049 _aBNGR
999 _c24382
_d24382